Les frises d'objects des sarcophages du moyen empire /

محفوظ في:

المؤلف الرئيسي: Jéquier, Gustave, 1868-1946 (مؤلف)

التنسيق: كتاب

اللغة: French

سلاسل: Mémoires (Société sultanieh de géographie) ; 47.
MIFAO ; 47.

الموضوعات:

الوسوم: إضافة وسم

لا توجد وسوم, كن أول من يضع وسما على هذه التسجيلة!

رقم الطلب: ( F )DT57 .C185 v.47

LEADER 01033nam a2200289K 4500
001 10525
003 OSt
005 20210713141903.0
008 130303s1921 ua g 000 0 fre d
952 |0 0  |1 0  |2 lcc  |4 0  |7 1  |9 17024  |a ARCE  |b ARCE  |d 2021-07-13  |l 0  |o ( F )DT57 .C185 v.47  |r 2021-07-13 00:00:00  |w 2021-07-13  |y BK 
999 |c 13835  |d 13835 
040 |c ARCE Library 
043 |a f-ua--- 
050 0 4 |a ( F )DT57 .C185 v.47 
100 1 |a Jéquier, Gustave,  |d 1868-1946,  |e author  |9 33256 
245 1 4 |a Les frises d'objects des sarcophages du moyen empire /  |c Gustave Jéquier. 
264 1 |a Le Caire :  |b Imprimerie de l'Institut français d'archéologie orientale,  |c 1921. 
300 |a 363 pages ;  |c 36 cm. 
490 1 |a Mémoires (Société sultanieh de géographie) ;   |v 47. 
490 1 |a MIFAO ;   |v 47. 
650 0 |a Sarcophagi. 
651 0 |a Egypt  |x Antiquities. 
651 0 |a Egypt  |x Social life and customs. 
830 0 |a Mémoires (Société sultanieh de géographie) ;   |v 47. 
830 0 |a MIFAO ;   |v 47. 
901 |a reviewed 
942 |c BK  |2 lcc